00466nam a2200169 a 4500008004100000020001500041050001900056100001900075245002500094250001200119260003300131300001900164350000900183500006400192650001200256700002800268120416s1991 ||||||||||||||||| || u a0256087253 aHF 5438.25 Kur aKurtz, David L10aProfessional selling a6th ed. aHomewood, Ill.:bIrwinc1991 axx, 444p.: ill a0.00 aIncludes bibliographical references (p. 427-429) and index. 0aSELLING aDodge, H. Robert, 1929-